Central London retail is only riser in stagnant May (Record no. 82424)

MARC details
000 -LEADER
fixed length control field 00944cam a22001935a 4500
001 - CONTROL NUMBER
control field L150215
008 - FIXED-LENGTH DATA ELEMENTS--GENERAL INFORMATION
fixed length control field 100614e2010 xxk 000 0 eng d
035 ## - SYSTEM CONTROL NUMBER
System control number (Sirsi) u150215
041 0# - LANGUAGE CODE
Language code of text/sound track or separate title eng
110 2# - MAIN ENTRY--CORPORATE NAME
Corporate name or jurisdiction name as entry element Property Week
9 (RLIN) 1549
245 00 - TITLE STATEMENT
Title Central London retail is only riser in stagnant May
260 ## - PUBLICATION, DISTRIBUTION, ETC.
Date of publication, distribution, etc. 2010
490 #0 - SERIES STATEMENT
Series statement Property Week
Volume/sequential designation 76(23) 11 June 2010, 40(1)
520 ## - SUMMARY, ETC.
Summary, etc. Cushman and Wakefield's latest property investment market analysis shows prime property yields not falling for the first time in 12 months, remaining unchanged in May at 5.79%, 159 basis points below their 2009 peak. Central London retail was the only subsector where prices rose. Prime shopping centres were the most popular properties in the retail sector. Table lists current prime yields by subsector.
590 ## - LOCAL NOTE (RLIN)
Local note KA
651 #4 - SUBJECT ADDED ENTRY--GEOGRAPHIC NAME
Geographic name United Kingdom
Chronological subdivision
690 ## - LOCAL SUBJECT ADDED ENTRY--TOPICAL TERM (OCLC, RLIN)
Topical term or geographic name as entry element PROPERTY-COMMERCIAL PROPERTY-COMMERCIAL PROPERTY FINANCE AND INVESTMENT
942 ## - ADDED ENTRY ELEMENTS (KOHA)
Suppress in OPAC 0
Holdings
Withdrawn status Lost status Source of classification or shelving scheme Damaged status Not for loan Home library Current library Shelving location Date acquired Total Checkouts Full call number Barcode Date last seen Copy number Price effective from Koha item type
    Dewey Decimal Classification     London London Journal article 14/06/2010   L150215 150215-1001 06/08/2019 1 06/08/2019 Journal article